000 00440cam a2200193 4500
001 B2595
008 090401t1989 xxu||||| |||| 00| 0 eng d
035 _a(Sirsi) u51069
041 _aeng
050 _a711.552
100 _aScott, Ian
245 _aRetail warehousing
260 _aLondon
_bFletcher King
_c1989
300 _a28p. : ill. ; 30cm.
350 _a0
650 _aRETAIL WAREHOUSES
942 _n0
948 _c04/03/1997
999 _c92812
_d92812